• 首页
  • 本馆介绍
  • 公告通知
  • 最新文献
  • 馆藏检索
  • 电子资源
  • 读者导购
  • 参考咨询
  • 我的图书馆
  • 登录
  • 详细信息显示
  • 放入我的书架
  • 预约/预借图书
  • 作者相关作品
  • 分类相关作品
  • 丛书相关作品
  • 出版社相关作品

书目信息

  • 表格格式
  • 工作单格式
  • 卡片格式
题名:
世界特大灾难全记录
    
 
作者: 罗森 主编
分册:  
出版信息: 北京   中国方正出版社  2003
页数: 315页
开本: 20cm
丛书名: 发现系列
单 册:
中图分类: X45-49
科图分类:
主题词: 人为灾害--普及读物 , 人为灾害
电子资源:
ISBN: 7-80107-465-3
000 00949oam2 2200277 450
001 1561530697
005 20150124101649.17
010    @a7-80107-465-3@dCNY24.50
100    @a20040708d2003 em y0chiy0110 ea
101 0  @achi
102    @aCN@b110000
105    @aaf z 000yy
200 1  @a世界特大灾难全记录@Ashi jie te da zai nan quan ji lu@e美澳军舰大冲撞@f罗森主编
210    @a北京@c中国方正出版社@d2003
215    @a315页@c图,图版(4页)@d20cm
225 2  @a发现系列
304    @a封面责任者题:罗云编
330    @a本书向读者展示了城市火灾、森林火灾、油轮火灾、潜艇火灾、各种灾难、海难、车难、核武器爆炸、核泄露、恐怖袭击以及人类制造的形形色色的绝不亚于自然灾害的灾难。
461  0 @12001 @a发现系列
517 1  @a美澳军舰大冲撞@Amei ao jun jian da chong zhuang
606 0  @a人为灾害@j普及读物
606 0  @a人为灾害
690    @aX45-49@v4
701  0 @a罗森@Aluo sen@4主编
801  0 @aCN@bWHC@c20040708
905    @aZUCC@dX45-49@eJY1
    
    世界特大灾难全记录:美澳军舰大冲撞/罗森主编.-北京:中国方正出版社,2003
    315页:图,图版(4页);20cm.-(发现系列)
    
    
    ISBN 7-80107-465-3:CNY24.50
    本书向读者展示了城市火灾、森林火灾、油轮火灾、潜艇火灾、各种灾难、海难、车难、核武器爆炸、核泄露、恐怖袭击以及人类制造的形形色色的绝不亚于自然灾害的灾难。
●
相关链接 在E读中查询图书 在五车中查询图书 在当当中查询图书 在豆瓣中查询图书


正题名:世界特大灾难全记录     索取号:X45-49/JY1         预约/预借

序号 登录号 条形码 馆藏地/架位号 状态 备注
1 7840112   278401123   学院路分馆/ [索取号:X45-49/JY1] 在馆    
2 7842943   278429434   学院路分馆/ [索取号:X45-49/JY1] 在馆    
3 7842944   278429443   学院路分馆/ [索取号:X45-49/JY1] 在馆    
4 7842945   278429452   学院路分馆/ [索取号:X45-49/JY1] 在馆    
唐山师范学院图书馆 欢迎您!
大连网信软件有限公司© 版权所有